| 000 | 00693nam a2200217Ia 4500 | ||
|---|---|---|---|
| 005 | 20241129111043.0 | ||
| 008 | 241129s9999||||xx |||||||||||||| ||und|| | ||
| 020 | _a978-81-940087-6-7 | ||
| 037 | _aTB | ||
| 040 |
_aCRL _bhin _cCRL |
||
| 041 |
_ahin _2hin |
||
| 084 |
_aO152,1x R0 _qCRL |
||
| 100 | _aलाठ, मुकुन्द, अनु. | ||
| 245 | 0 |
_aपृथिवी - सूक्त _cलाठ, मुकुन्द, अनु. |
|
| 260 |
_aनोएडा, भारत _bसेतु प्रकाशन _c2020 |
||
| 300 | _a95पृ0 | ||
| 365 |
_aINR _b225 |
||
| 650 | _aHindi literaturePoetry | ||
| 942 |
_cTB _hO152,1x R0 |
||
| 999 |
_c1228727 _d1228727 |
||